| 000 | 01656nam a22004575a 4500 | ||
|---|---|---|---|
| 999 |
_c23834 _d23806 |
||
| 003 | EG-ScBUE | ||
| 005 | 20210927112059.0 | ||
| 006 | m||||fq||h 00| 0 | ||
| 008 | 170104t2011 enka f d 001 0 eng d | ||
| 020 | _a9781111217259 (V. 3) | ||
| 020 | _a9781111216443 (V. 2) | ||
| 020 | _a9781111217273 (student CD-Rom 3) | ||
| 020 | _a1111217270 (student CD-Rom 3) | ||
| 020 | _a9781111216542 (student CD-Rom 2) | ||
| 020 | _a1111216541 (student CD-Rom 2) | ||
| 040 |
_aEG-ScBUE _beng _erda _cEG-ScBUE _dEG-ScBUE |
||
| 082 | 0 | 4 |
_a428.2 _bJOH _222 |
| 100 | 1 |
_aJohannsen, Kristin L., _eauthor. _935967 |
|
| 245 | 1 | 0 |
_aWorld English : _breal people, real places, real language / _cKristin L. Johannsen, Rebecca Tarver Chase. |
| 264 | 1 |
_aHampshire, United Kingdom : _bHeinle, Cengage Learning, _c[2011] |
|
| 264 | 4 | _cc2011 | |
| 300 |
_aiii, 154 pages : _bcolor illustrations ; _c24 cm + _e1 CD |
||
| 336 |
_2rdacontent _atext _btxt |
||
| 336 |
_2rdacontent _asounds _bsnd |
||
| 336 |
_2rdacontent _athree-dimensional moving image _btdm |
||
| 337 |
_2rdamedia _aunmediated _bn |
||
| 337 |
_2rdamedia _aaudio _bs |
||
| 337 |
_2rdamedia _avideo _bv |
||
| 338 |
_2rdacarrier _avolume _bnc |
||
| 338 |
_2rdacarrier _acomputer disc _bcd |
||
| 500 | _aIncludes glossary. | ||
| 500 | _aIncludes index. | ||
| 505 | 0 | _aVolume 1 -- Volume 2 -- Volume 3. | |
| 650 | 7 |
_aEnglish language _vTextbooks for foreign speakers. _2BUEsh |
|
| 650 | 7 |
_aEnglish language _xGrammar _vProblems, exercises, etc. _2BUEsh |
|
| 651 | _2BUEsh | ||
| 653 |
_bHHUUEENN _cJanuary2017 |
||
| 655 |
_vReading book _934232 |
||
| 700 | 1 |
_aChase, Rebecca Tarver, _eauthor. |
|
| 942 |
_2ddc _cBB |
||